[Event "AUT-ch U14"]
[Site "St Veit"]
[Date "2023.06.09"]
[Round "4"]
[White "Taizhanov, Aissultan"]
[Black "Gruenwald, Beat"]
[Result "0-1"]
[WhiteElo "1367"]
[BlackElo "1532"]
[PlyCount "110"]
[EventDate "2023.06.08"]
[EventType "swiss"]
[EventRounds "7"]
[EventCountry "AUT"]
[SourceTitle "EXT 2024"]
[Source "ChessBase"]
[SourceDate "2023.10.10"]
[SourceVersion "1"]
[SourceVersionDate "2023.10.10"]
[SourceQuality "1"]

1. e4 e6 2. d4 d5 3. e5 c5 4. c3 Nc6 5. Nf3 Bd7 6. Bd3 cxd4 7. 0-0 dxc3 8. bxc3 Nge7 9. Re1 Ng6 10. Nbd2 Qc7 11. Qe2 Nf4 12. Qe3 Nxd3 13. Qxd3 Be7 14. Nb3 Rc8 15. Bd2 h6 16. Nbd4 Nxd4 17. cxd4 Qc2 18. Qe2 0-0 19. h3 Qg6 20. Nh2 Rc2 21. Red1 Bg5 22. Qe1 Bxd2 23. Rxd2 Rfc8 24. Rxc2 Qxc2 25. Qa5 Qc3 26. Qxc3 Rxc3 27. Nf3 Ra3 28. Rb1 b6 29. Rb2 Ba4 30. Kf1 Bd1 31. Nd2 Rd3 32. Ke1 Bh5 33. g4 Bg6 34. a4 Rxd4 35. a5 bxa5 36. Ra2 a4 37. Ke2 Rb4 38. Ra3 Bc2 39. Rc3 Bb3 40. Rc8+ Kh7 41. Ra8 Bc4+ 42. Nxc4 Rxc4 43. Rxa7 Re4+ 44. Kd3 Rxe5 45. Rxa4 Kg6 46. Rb4 f5 47. f3 fxg4 48. hxg4 h5 49. gxh5+ Kxh5 50. Rg4 Rg5 51. Ra4 Kg6 52. Ra1 Kf6 53. Re1 Rf5 54. Re3 e5 55. Ke2 Rf4 0-1

[Event "AUT-ch U14"]
[Site "St Veit"]
[Date "2023.06.08"]
[Round "2"]
[White "Taizhanov, Aissultan"]
[Black "Squasi, Ernesto"]
[Result "1/2-1/2"]
[WhiteElo "1367"]
[BlackElo "1590"]
[PlyCount "65"]
[EventDate "2023.06.08"]
[EventType "swiss"]
[EventRounds "7"]
[EventCountry "AUT"]
[SourceTitle "EXT 2024"]
[Source "ChessBase"]
[SourceDate "2023.10.10"]
[SourceVersion "1"]
[SourceVersionDate "2023.10.10"]
[SourceQuality "1"]

1. e4 e6 2. d4 d5 3. e5 c5 4. c3 Nc6 5. Nf3 Qb6 6. Bd3 cxd4 7. cxd4 Bd7 8. Bc2 Rc8 9. Nc3 Bb4 10. 0-0 Bxc3 11. bxc3 Nge7 12. Qd3 Na5 13. Bd2 Bb5 14. c4 Bxc4 15. Qa3 Nac6 16. Rfd1 Be2 17. Rdb1 Qa6 18. Qb2 Bxf3 19. gxf3 Nxd4 20. Bd1 Ndc6 21. Qxb7 Qxb7 22. Rxb7 0-0 23. Rab1 Rb8 24. Be3 Rxb7 25. Rxb7 Rb8 26. Rxb8+ Nxb8 27. Bxa7 Nbc6 28. Bb6 Nxe5 29. a4 Nc8 30. Bc7 Nc6 31. a5 Nb4 32. Be2 d4 33. Bc4 1/2-1/2